Top 200 Baby Names of 1901: Boys Quiz Stats

Quiz not verified by Sporcle

Also try: Letter Equations
Challenge
Share
Tweet
Embed
Score 0/200 Timer 15:00
2 Plays Today
Rank Name % Correct
1John
98.7%
3James
96.6%
2William
96.3%
7Robert
95.1%
4George
94.8%
103Ed
94.8%
5Charles
94.5%
8Frank
94.4%
30David
94%
11Thomas
93.6%
9Edward
93.3%
13Harry
93.1%
52Michael
92.9%
19Paul
92.8%
10Henry
92.7%
6Joseph
92.3%
48Daniel
92%
57Peter
91.9%
26Richard
91.5%
140Dan
91%
53Will
91%
134Jose
90.8%
18Fred
90.8%
40Andrew
90.2%
32Jack
88.9%
41Sam
88.9%
33Samuel
88.4%
164Mark
88.4%
166Matthew
88.1%
109Stephen
87.5%
73Ben
87.3%
77Donald
87.1%
60Frederick
87%
56Benjamin
86.6%
27Joe
86.6%
15Albert
86.4%
194Steve
86.3%
21Harold
85.4%
31Charlie
85.2%
67Tom
84.3%
24Carl
83.7%
81Jim
83.5%
14Arthur
82.9%
92Oliver
82.9%
152Bill
82.6%
42Leo
82.3%
62Anthony
82.3%
64Martin
82.2%
100Victor
82.1%
66Eddie
81.2%
87Leon
81.1%
102Alexander
81.1%
120Alex
81%
37Lawrence
80.9%
36Francis
80.6%
129Vincent
80%
84Philip
79.7%
54Leonard
79.5%
189Phillip
79.5%
12Walter
79.4%
78Kenneth
79%
93Patrick
78.7%
128Nathan
78.5%
25Louis
77.4%
59Ray
76.9%
98Jacob
76.8%
43Theodore
76.5%
Rank Name % Correct
16Willie
76.5%
88Allen
76.4%
65Edwin
76.2%
124Gerald
75.7%
39Alfred
75.6%
22Raymond
75.5%
169Nicholas
73.4%
125Isaac
72.4%
165Nathaniel
71.4%
163Franklin
71%
63Lewis
71%
34Howard
70.6%
117Marvin
70.1%
47Oscar
69.5%
142Jerry
68.1%
82Stanley
67.9%
71Edgar
67.1%
158Mike
66.7%
20Roy
66.5%
179Aaron
66.4%
183Dennis
65.6%
35Herbert
65.4%
83Norman
65.4%
28Ernest
64.1%
95Alvin
63.1%
44Eugene
62.9%
29Ralph
62.1%
97Melvin
62%
80Bernard
61.9%
45Lee
61.8%
104Johnnie
60.7%
150Dave
60.6%
17Clarence
60.3%
113Warren
60.3%
49Jesse
60.1%
173Wayne
59.7%
146Arnold
59.6%
177Douglas
59.6%
188Juan
58.8%
23Earl
58.6%
61Lester
58.3%
91Hugh
58.3%
185Jake
57.8%
157Calvin
57.3%
133Bert
56.5%
151Glen
56.2%
200Simon
56.2%
186Pete
56%
75Chester
55.8%
68Lloyd
55.6%
175Jess
55.6%
46Floyd
54.7%
51Herman
54.5%
94Glenn
54.2%
148Max
54.2%
50Russell
54%
161Edmund
53.8%
182Owen
52.3%
55Clyde
51.8%
90Milton
51.4%
76Harvey
50.6%
115Morris
49.6%
72Leroy
49%
69Clifford
48.8%
85Jessie
48.5%
106Maurice
48.1%
156Jimmie
47.7%
Rank Name % Correct
143Curtis
47.7%
197Claud
47.6%
38Elmer
47.4%
116Wesley
47.3%
58Claude
46.9%
130Wilbur
46.9%
153Gordon
46.9%
184Elijah
46.5%
126Wallace
46.4%
89Leslie
45.8%
119Hubert
44.4%
108Charley
44.1%
101Julius
43.6%
132Vernon
43.2%
96Horace
42.7%
86Everett
42.5%
160Jay
41.9%
74Homer
41.5%
127Earnest
39.9%
105Archie
39.3%
70Cecil
38.8%
131Gilbert
38.1%
147Emmett
38%
79Luther
37.9%
199Ross
36.9%
111Otto
35.9%
198Clayton
35.6%
192Clinton
35.4%
123Sidney
35.1%
118Ira
35%
141August
35%
112Manuel
34.6%
168Irvin
34.3%
99Guy
34.1%
138Percy
34%
159Nelson
33.9%
122Willard
33.7%
145Roland
32.8%
135Otis
32.7%
172Rudolph
32.7%
176Amos
32.5%
162Orville
32.3%
181Irving
31.9%
170Perry
31.8%
178Ollie
29.4%
149Willis
29%
144Mack
28.9%
107Marion
28.6%
155Bennie
28.5%
139Sylvester
28.1%
114Lonnie
27.6%
110Virgil
27.3%
121Dewey
26.6%
195Ellis
26.5%
180Adolph
25.2%
190Preston
25%
154Clifton
23.5%
136Emil
21.9%
137Rufus
21.6%
167Roosevelt
18.9%
171Roscoe
18.6%
187Elbert
18.4%
196Forrest
17.5%
193Cornelius
17%
174Johnie
15.2%
191Mckinley
12.9%

You're not logged in!

Compare scores with friends on all Sporcle quizzes.
Join for Free
OR
Log In

You Might Also Like...

Show Comments

Extras

Created Jul 7, 2011SourceReportNominate
Tags:Baby Names Quiz

Top Quizzes Today


Score Distribution

Your Account Isn't Verified!

In order to create a playlist on Sporcle, you need to verify the email address you used during registration. Go to your Sporcle Settings to finish the process.

Report this User

Report this user for behavior that violates our Community Guidelines.

Details: